000 00710nam a2200205Ii 4500
003 JO-AjNU
008 230605s9999||||xx |||||||||||||| ||und||
017 _a1972/5276
040 _aJO-AjNU
_bara
_erda
_cJO-AjNU
041 _aara
050 1 4 _aHM24 .M8 1972
100 3 _aتأليف: جامع، محمد نبيل,
_eauthor
_918764
245 0 0 _aالمفتتح في علم المجتمع
264 3 1 _aالاسكندرية: دار المطبوعات الجديدة، 1972
300 _a478ص
_bيحتوي على ببلوغرافية من 477-478ص
336 _atext
_btxt
_2rdacontent
337 _aunmediated
_bn
_2rdamedia
338 _avolume
_bnc
_2rdacarrier
650 4 _aعلم الاجتماع
_918765
999 _aA6063
_c9631
_d9631